Obras históricas de Nicolás Maquiavelo : tomo I /
-д хадгалсан:
| Үндсэн зохиолч: | |
|---|---|
| Формат: | Ном |
| Хэл сонгох: | испани |
| Цуврал: | (Biblioteca Clásica ;
156, 157) |
| Нөхцлүүд: | |
| Шошгууд: |
Шошго байхгүй, Энэхүү баримтыг шошголох эхний хүн болох!
|
MARC
| LEADER | 00000nam^a2200000^a^4500 | ||
|---|---|---|---|
| 001 | 000380815 | ||
| 005 | 20250526000000.0 | ||
| 009 | 20260310120620.028 | ||
| 037 | |a Acervo Xavier Clavigero | ||
| 041 | |a ESP | ||
| 082 | |a 940. 12 |b MAQ V. 1-2 | ||
| 100 | |a Maquiavelo, Nicolás |e (autor) | ||
| 240 | 1 | 1 | |a [Obras históricas de Nicolás Maquiavelo] |
| 245 | 1 | 0 | |a Obras históricas de Nicolás Maquiavelo : |b tomo I / |c N. Maquiavelo ; tr. por Luis Navarro. |
| 264 | |a Madrid, España : |b Librería Hernando, |c 1892 | ||
| 300 | |a XXXIV, 351, 384 p. ; |c 18.0 cm. | ||
| 336 | |a texto |b txt |2 rdacontenido | ||
| 337 | |a sin mediación |b n |2 rdamedio | ||
| 338 | |a volumen |b nc |2 rdasoporte | ||
| 440 | 1 | |a (Biblioteca Clásica ; |v 156, 157) | |
| 501 | |a Encuadernación particular | ||
| 545 | 0 | |a Nicolás Maquiavelo (Florencia, 1469-1527), político, filósofo político, historiador y escritor italiano. Inició su trayectoria política en 1498 como secretario de cancillería al servicio de la república florentina. Esta experiencia directa fundamentó su reflexión teórica e histórica, producida durante los años que fue excluido de la vida pública y permaneció retirado en el campo (1513-1520). El príncipe –redactado en la segunda mitad de 1513 y editado por primera vez en 1532- y Discursos sobre la primera década de Tito Livio –compuestos durante 1513-19 y publicados en 1531- son los dos trabajos con mayor relevancia teórica de Maquiavelo, dedicados respectivamente a los problemas de los principados y a los de las repúblicas. El florentino buscó una concepción desprejuiciada del hombre y la actuación política que fuera lo más realista posible. Otros de sus libros son El arte de la guerra (1521), la comedia La mandrágora (1524), Historia de Florencia (1532) y la novela El archidiablo Belfegor (1545), que permiten completar un reflejo de la diversidad de intereses creativos e intelectuales del autor florentino. | |
| 561 | |a Ex libris de Instituto de Literatura Puente Grande, Jal. | ||
| 561 | |a Ex libris de Bibl. Iunioratus Dom. Prob. S. Ioseph | ||
| 562 | |a Falta cubierta | ||
| 649 | |a XX | ||
| 650 | |a Edad Media - |x Historia - |x Tema Principal | ||
| 650 | |a Italia - |x Historia - |y Edad Media, 476-1402 | ||
| 650 | |a Italia - |x Historia - |y Renacimiento, 1402-1559 | ||
| 650 | |a Francia - |x Historia - |y Período Antiguo, 753 a.C.-987 d.C | ||
| 650 | |a Francia - |x Historia - |y Edad Media, 987-1515 | ||
| 650 | |a Alemania - |x Historia - |y Principados, Imperio y Reinos, 481-1871 | ||
| 650 | |a Alemania - |x Historia - |y Monarquías Francas, 481-911 | ||
| 650 | |a Alemania - |x Historia - |y Sacro Imperio Romano Germánico, 911-1806 | ||
| 650 | |a Inglaterra - |x Historia - |y Período Antiguo, 600 a.C.-1066 d.C | ||
| 650 | |a Inglaterra - |x Historia - |y Sajones, Siglo V-1066 | ||
| 650 | |a Inglaterra - |x Historia - |y Período Medieval y Renacentista, 1066-1649 | ||
| 650 | |a Europa - |x Historia - |y 476-1492 - |x Tema Principal | ||
| 650 | |a Europa - |x Historia - |y 1492-1648 | ||
| 740 | 0 | |a Obras históricas de Nicolás Maquiavelo : |b tomo II / |c N. Maquiavelo ; tr. por Luis Navarro. | |
| 910 | |a Fondo General | ||
| 920 | |a Impresos - Libros | ||
| 930 | |a Libros Antiguos y Raros | ||
| 905 | |a 108 | ||
| 901 | |a 031332 |b IT2 |c LRA |u 20250526 | ||
| 902 | |a https://opac.biblio.iteso.mx/vufind/Record/000380815 | ||